| 000 | 00453nam a2200193Ia 4500 | ||
|---|---|---|---|
| 008 | 170918s9999 xx 000 0 und d | ||
| 020 | _a9780439351408 | ||
| 050 | _bM554 2002 | ||
| 100 | _aMerchant, Peter | ||
| 245 | 4 | _aThe eagle has landed / | |
| 245 | _cPeter Merchant. | ||
| 260 | _aNew York : | ||
| 260 | _bScholastic, | ||
| 260 | _c2002 | ||
| 300 | _a16 pages : | ||
| 300 | _bcolored illustration ; | ||
| 300 | _c24cm. | ||
| 500 | _a450 | ||
| 999 |
_c341370 _d341370 |
||